00747nam a2200205 a 450000100100000000500170001000800410002704000250006808200190009310000410011224500530015326000490020630000200025550000640027565000280033965000310036704900090039895201170040799900170052400002620920240412074252.0110304s1986 dr 000 p spa d aDO-SdBNPbspacBNPHU aRD861.44bT2661 aTejera Rosas, Ramón,d1943-92679410aMeditación del tiempo /cRamón Tejera Rosas. a[Santo Domingo ] :bEditora Montalvo,c1986. a79 P. ;c21 cm. aIncluye datos biográficos del autor en la contracubierta. 0aPoesía dominicana966 0aLiteratura dominicana.967 aBNPD 0010718PDaPDbPDcHDd2011-03-04iLF1l0oRD861.44 T266p26209-10r2020-06-25w2020-06-25yLFPDZNo se presta c25701d25701